| 000 | 01108nas a2200337 4500 | ||
|---|---|---|---|
| 001 | BR0604433 | ||
| 003 | BR-BrBNA | ||
| 005 | 20231205110415.0 | ||
| 007 | ta | ||
| 008 | 230509b bl.|||p| |||| 00| 00por d | ||
| 040 |
_aBR-BrBNA _bpor _cBiblioteca Nacional de Agricultura |
||
| 041 | _a(Pt) | ||
| 072 | _aL02 | ||
| 100 | 1 | _aHenrique, W. | |
| 100 | 1 | _aSampaio, A.A.M. | |
| 100 | 1 | _aLeme, P.R. | |
| 100 | 1 | _aLanna, D.P.D. | |
| 100 | 1 | _aAlleoni, G.F. | |
| 245 | 1 | _aGanhos de peso, taxas de deposição e composição química corporal de tourinhos Santa Gertrudes confinados, recebendo alto concentrado e níveis crescentes de polpa cítrica peletizada | |
| 650 | _aGADO DE CORTE | ||
| 650 | _aGANHO DE PESO | ||
| 650 | _aFRUTA CÍTRICA | ||
| 650 | _aPOLPA | ||
| 650 | _aDIETA | ||
| 650 | _aALIMENTO CONCENTRADO | ||
| 650 | _aCOMPOSIÇÃO QUÍMICA | ||
| 650 | _aCONDIÇÃO CORPORAL | ||
| 773 | 0 |
_tRevista Brasileira de Zootecnia (Brazil) _xISSN 1516-3598 _g(May-Jun 2006), v. 35(3)Suplemento p. 1178-1185 _wBR0604433 |
|
| 909 |
_a202311 _bLúcia _c55 _dLúcia Elande |
||
| 942 |
_2AGRIS _n0 _cANA |
||
| 999 |
_c187269 _d187269 |
||